| 000 | 00447nam a2200157Ia 4500 | ||
|---|---|---|---|
| 008 | 230312s9999||||xx |||||||||||||| ||und|| | ||
| 020 | _a81-312-0661-0 | ||
| 082 |
_a720.28 _bSZA-C |
||
| 100 | _aSzalapaj:Peter | ||
| 245 | 0 | _aContemporary Architecture and Digital Design Process | |
| 260 |
_bElsevier _aIndia _c2005 |
||
| 300 | _a275 | ||
| 546 | _aEng. | ||
| 650 |
_aArchitecture _vContemporary Architecture and Digital Design Process |
||
| 942 | _cBK | ||
| 999 |
_c9226 _d9226 |
||